1029 1919 1013 1075 1718 1782 1104 1738 1225 1382 1100 1357 1714 1460 1299 1588 1564 1550 1250 1891 1941 1328 1543 1258 1501 1411 1527 1922 1333 1803 1852 1961 1899 1993 1136 1117 1555 1121 1511 1867 1019 1613 1045 1788 1915 1011 1982 1182 1482 1029 1058 1695 1591 1712 1197 1113 1856 1764 1259 1280 1141 1942 1263 1003 1300 1363 1179 1973 1876 1873 1263 1289 1712 1020 1604 1145 1593 1869 1211 1600 1906 1870 1021 1856 1527 1970 1714 1910 1310 1396 1232 1660 1628 1680 1402 1351 1242 1393 1062 BCNSPRNW ULIB Ver.6.0+V

เปลี่ยนเป็นภาษาไทย

Change to English
 แสดงรายละเอียดบรรณานุกรม
  กลับหน้าหลัก

Brief Record : Get Marc (ISO 2709) : E-mail record : QR code < ปิดหน้าต่าง
LEADER : 00000nam 2200000uu 4500
001    13399127227
003     ULIB
008    200227s2562||||th 000 0 tha d
060  4 ^aWY106^bส731พ
100 0  ^aสิรินาฎ ศิริสุนทร
245 10 ^aพยาบาลผู้จัดการระบบการดูแลสุขภาพ /^cสิรินาฎ ศิริสุนทร
260    ^aนนทบุรี:^bสภาการพยาบาล,^c2562.
300    ^a79 หน้า :^bภาพประกอบ;^c21ซม.
650  7 ^aพยาบาล
650  7 ^aการพยาบาลอนามัยชุมชน
650  7 ^aอนามัยชุมชน
710 2  ^aสภาการพยาบาล
945    ^p0^l0^i006402
999    ^aประนอม เกษจรัล
รายการนี้ยังไม่มีแท็ก
คุณยังไม่ได้ล็อกอิน คุณสามารถมีกิจกรรมร่วมกับเว็บไซต์ได้ แต่ต้องล็อกอินก่อน ::
  ล็อกอิน

รายการสื่อสารสนเทศ

ลำดับที่ ประเภท เลขเรียก/บาร์โค้ด สถานที่ สถานะ
1. Book การพยาบาล
หนังสือสำรอง
สถานะ=หนังสือสำรอง
WY106 ส731พ ฉ.1 
  Barcode: 006402
ห้องสมุดวิทยาเขตสวรรค์ประชารักษ์
►หนังสือทั่วไป
บนชั้น

รายการใกล้เคียง
    ผู้แต่ง [สิรินาฎ ศิริสุนทร]

    หัวเรื่อง [พยาบาล]
    หัวเรื่อง [การพยาบาลอนามัยชุมชน]
    หัวเรื่อง [อนามัยชุมชน]

BibComment


ยังไม่เคยถูกคอมเมนท์

คอมเมนท์ทรัพยากรรายการนี้
  คอมเมนท์: พยาบาลผู้จัดการร..


 Copyright 2026. Bcnsprnw @Library